000 01062nam a2200325 a 4500
001 vtls001361965
003 NLI
005 20210627081709.0
008 120625s1979 dcu f000 0 eng
039 9 _y201206251841
_zVLOAD
040 _aNLI
_beng
_cDatasoft_FOD_6
_eAACR2
041 0 _aeng
044 _a dcu
082 0 4 _a 615.1092
110 1 _aUnited States.
_bDepartment of Heath and Human Services
_9727848
245 1 0 _aData on lionesed pharmacists /
_cUnited States, Department of Heath and Human Services
260 _aWashington, D. C. :
_bThe Department,
_c1979
300 _aiii, 23 p. ;
_c26 cm.
650 0 _aPharmacologists
_9730419
650 0 _aPharmacology
_9684358
650 0 _aTherapeutics
_9677754
650 0 _aPharmaceutical chemistry
_9730420
710 1 _aUnited States.
_bDepartment of Health, Education, and Welfare
_9703319
887 _a
901 _aAD 76259
_b30.07.2010
902 _aU.S 615.1092 Un 3
904 _lC 8688.
949 _AVIRTUAITEM
_D10002
_X100
_6FOD000076259ENG
942 _2ddc
_cBKS
999 _aVIRTUA40
_c721925
_d721925